Best available and safest technologies for offshore oil and gas operations : options for implementation /

Bibliographic Details
Format: eBook
Language:English
Published: Washington, District of Columbia : The National Academies Press, [2013]
Subjects:
Online Access:Click to View
LEADER 02012nam a2200397 i 4500
001 EBC3379212
003 MiAaPQ
005 20200520144314.0
006 m o d |
007 cr cnu||||||||
008 140501t20132013dcua ob 000 0 eng|d
020 |z 9780309294249 
020 |a 9780309294287  |q (electronic bk.) 
035 |a (MiAaPQ)EBC3379212 
035 |a (Au-PeEL)EBL3379212 
035 |a (CaPaEBR)ebr10863866 
035 |a (OCoLC)893439602 
040 |a MiAaPQ  |b eng  |e rda  |e pn  |c MiAaPQ  |d MiAaPQ 
050 4 |a HD9560.5  |b .B47 2013 
245 0 0 |a Best available and safest technologies for offshore oil and gas operations :  |b options for implementation /  |c Committee on Options for Implementing the Requirement of Best Available and Safest Technologies for Offshore Oil and Gas Operations, Marine Board, National Academy of Engineering and National Research Council of the National Academies. 
264 1 |a Washington, District of Columbia :  |b The National Academies Press,  |c [2013] 
264 4 |c 2013 
300 |a 1 online resource (82 pages) :  |b illustrations 
336 |a text  |2 rdacontent 
337 |a computer  |2 rdamedia 
338 |a online resource  |2 rdacarrier 
504 |a Includes bibliographical references. 
588 |a Description based on online resource; title from PDF title page (ebrary, viewed May 1, 2014). 
590 |a Electronic reproduction. Ann Arbor, MI : ProQuest, 2015. Available via World Wide Web. Access may be limited to ProQuest affiliated libraries. 
650 0 |a Offshore oil industry. 
650 0 |a Offshore gas industry. 
655 4 |a Electronic books. 
710 2 |a National Academy of Engineering.  |b Committee on Options for Implementing the Requirement of Best Available and Safest Technologies for Offshore Oil and Gas Operations,  |e issuing body. 
710 2 |a National Research Council (U.S.).  |b Marine Board,  |e issuing body. 
797 2 |a ProQuest (Firm) 
856 4 0 |u https://ebookcentral.proquest.com/lib/matrademy/detail.action?docID=3379212  |z Click to View